|
|
|
|
| LEADER |
01343nam a2200385 a 4500 |
| 001 |
EBC294224 |
| 003 |
MiAaPQ |
| 005 |
20200520144314.0 |
| 006 |
m o d | |
| 007 |
cr cn||||||||| |
| 008 |
050204s2002 enka sb 001 0 eng d |
| 010 |
|
|
|z 2005357183
|
| 015 |
|
|
|a GBA2-W2057
|
| 020 |
|
|
|z 0750655380
|
| 035 |
|
|
|a (MiAaPQ)EBC294224
|
| 035 |
|
|
|a (Au-PeEL)EBL294224
|
| 035 |
|
|
|a (CaPaEBR)ebr10185947
|
| 035 |
|
|
|a (CaONFJC)MIL105155
|
| 035 |
|
|
|a (OCoLC)174141879
|
| 040 |
|
|
|a MiAaPQ
|c MiAaPQ
|d MiAaPQ
|
| 050 |
|
4 |
|a HG4028.S7
|b G43 2002
|
| 082 |
0 |
4 |
|a 332.6322
|2 21
|
| 100 |
1 |
|
|a Geddes, Ross.
|
| 245 |
1 |
0 |
|a IPOs and equity offerings
|h [electronic resource] /
|c Ross Geddes.
|
| 260 |
|
|
|a Oxford ;
|a MA :
|b Butterworth-Heinemann,
|c 2002.
|
| 300 |
|
|
|a vi, 257 p. :
|b ill.
|
| 490 |
1 |
|
|a Global capital markets series
|
| 504 |
|
|
|a Includes bibliographical references (p. [231]-241)and index.
|
| 533 |
|
|
|a Electronic reproduction. Ann Arbor, MI : ProQuest, 2015. Available via World Wide Web. Access may be limited to ProQuest affiliated libraries.
|
| 650 |
|
0 |
|a Going public (Securities)
|
| 650 |
|
0 |
|a Stocks.
|
| 655 |
|
4 |
|a Electronic books.
|
| 710 |
2 |
|
|a ProQuest (Firm)
|
| 830 |
|
0 |
|a Global capital markets series.
|
| 856 |
4 |
0 |
|u https://ebookcentral.proquest.com/lib/matrademy/detail.action?docID=294224
|z Click to View
|